AH International Schools' Libraries

(Khmer) Preparation for marriage / (Record no. 49831)

MARC details
000 -LEADER
fixed length control field 00283nam a2200097 4500
245 ## - TITLE STATEMENT
Title (Khmer) Preparation for marriage /
Statement of responsibility, etc Gregory Brown.
260 ## - PUBLICATION, DISTRIBUTION, ETC. (IMPRINT)
Place of publication, distribution, etc Cambodia:
Name of publisher, distributor, etc BTG Publishing;
Date of publication, distribution, etc 2015.
300 ## - PHYSICAL DESCRIPTION
Extent 103 p.
Dimensions 30 cm.
650 ## - SUBJECT ADDED ENTRY--TOPICAL TERM
Topical term or geographic name as entry element Marriage preparation.
9 (RLIN) 86969
942 ## - ADDED ENTRY ELEMENTS (KOHA)
Source of classification or shelving scheme
Koha item type Khmer NON FIC Books
Holdings
Withdrawn status Lost status Source of classification or shelving scheme Damaged status Not for loan Collection code Home library Current library Shelving location Date acquired Full call number Barcode Date last seen Price effective from Koha item type
          Siem Riep Asian Hope Secondary Library Asian Hope Secondary Library   12/03/2025 KHMER 265.5 BRO 208759 01/16/2026 12/03/2025 Khmer NON FIC Books
          Siem Riep Asian Hope Secondary Library Asian Hope Secondary Library   12/03/2025 KHMER 265.5 BRO 208777 01/16/2026 12/03/2025 Khmer NON FIC Books

For any Logos Library related questions please contact Miss Art at swongnarasuk@asianhope.org.

For any Asian Hope Library related questions please contact Miss Raza at graza@asianhope.org.

Click here to explore our ebooks!

Powered by Koha